[Event "Detroit (Beg/4/5)"]
[Site "?"]
[Date "1994.??.??"]
[Round "?"]
[White "Rahimzadeh, G."]
[Black "Bentley, S."]
[Result "1-0"]
[WhiteElo "1605"]
[BlackElo "1605"]
[PlyCount "86"]
[EventDate "1994.??.??"]

{4/(5)} 1. d4 e6 2. c4 d5 3. cxd5 exd5 4. Nc3 Nf6 5. Nf3 Ne4 6. Nxe4 dxe4 7.
Ne5 Qe7 8. e3 Bd7 9. Qb3 Qb4+ 10. Bd2 Qd6 11. Nxf7 Qe7 12. Nxh8 Nc6 13. Bc4 Na5
14. Bxa5 b6 15. Bd2 b5 16. Bf7+ Kd8 17. Bd5 c6 18. Ba5+ Kc8 19. Nf7 cxd5 20.
Qxd5 Be6 21. Qxa8+ Kd7 22. Qb7+ Ke8 23. Qxe7+ Kxe7 24. Ne5 Kf6 25. O-O b4 26.
Bd8+ Kf5 27. f3 Bd6 28. fxe4+ Kxe4 29. Bg5 h6 30. Bf4 g5 31. Bg3 a5 32. b3 a4
33. bxa4 Kxe3 34. a5 Kxd4 35. Nc6+ Kd5 36. Bxd6 Kxd6 37. Nxb4 Bc4 38. Rfd1+ Kc5
39. Nd3+ Kd4 40. Nb2+ Kc3 41. Nxc4 Kxc4 42. a6 Kb4 43. Rd3 Kc4 1-0

[Event "Novi (MI Women/1/2)"]
[Site "?"]
[Date "1994.??.??"]
[Round "?"]
[White "Rahal, N."]
[Black "Skidmore, Jennifer"]
[Result "0-1"]
[WhiteElo "1605"]
[BlackElo "1900"]
[PlyCount "28"]
[EventDate "1994.??.??"]

{1/(2)} 1. d4 d5 2. e3 Nf6 3. c4 e6 4. Nf3 Nc6 5. Nc3 Bb4 6. Bd3 O-O 7. Qc2
dxc4 8. Bxc4 b6 9. O-O Bb7 10. e4 Nxd4 11. Nxd4 Qxd4 12. Bg5 Qxc4 13. e5 Qg4
14. h3 Qxg2# 0-1

[Event "Novi (MI Women/5/4)"]
[Site "?"]
[Date "1994.??.??"]
[Round "?"]
[White "Rahal, N."]
[Black "Raupp, Helene"]
[Result "0-1"]
[WhiteElo "1605"]
[BlackElo "1615"]
[PlyCount "66"]
[EventDate "1994.??.??"]

{5/(4)} 1. d4 e6 2. c4 f5 3. Nf3 b6 4. Bg5 Nf6 5. Bxf6 Qxf6 6. Nc3 Bb4 7. a3
Bxc3+ 8. bxc3 Bb7 9. d5 Qxc3+ 10. Nd2 exd5 11. e3 O-O 12. Rc1 Qxa3 13. cxd5 Qd6
14. Bc4 Na6 15. e4 Rae8 16. O-O fxe4 17. Nxe4 Rxe4 18. Re1 Rxe1+ 19. Qxe1 Nc5
20. Ra1 a5 21. Ra3 Bxd5 22. Bxd5+ Qxd5 23. Qe2 Qf5 24. Rf3 Qb1+ 25. Qf1 Qxf1+
26. Kxf1 Rxf3 27. gxf3 a4 28. Ke1 a3 29. Kf1 a2 30. h4 a1=Q+ 31. Kg2 Nd3 32.
Kg3 Qg1+ 33. Kh3 Nxf2# 0-1

[Event "Novi (Oct)"]
[Site "?"]
[Date "1994.??.??"]
[Round "?"]
[White "Raffa, F."]
[Black "Chehayeb, Sal"]
[Result "0-1"]
[WhiteElo "1660"]
[BlackElo "2025"]
[PlyCount "72"]
[EventDate "1994.??.??"]

1. e4 c5 2. Bc4 Nc6 3. Nf3 g6 4. d3 Bg7 5. c3 e6 6. Be3 b6 7. Bb5 Nge7 8. Nbd2
O-O 9. Bg5 f6 10. Be3 d5 11. Qb3 a6 12. Bxc6 Nxc6 13. O-O Kh8 14. Rae1 d4 15.
cxd4 cxd4 16. Bf4 e5 17. Bg3 Re8 18. Nc4 b5 19. Ncd2 Be6 20. Qc2 Nb4 21. Qb1
Bxa2 22. Qc1 Rc8 23. Qd1 Nxd3 24. Qa1 Qa5 25. Re2 Qa4 26. b3 Bxb3 27. Nxb3 Qxb3
28. Qxa6 Nc5 29. Qa7 Qd3 30. Ra2 Nxe4 31. Rfa1 Nc3 32. Ra3 Ne2+ 33. Kh1 Qc2 34.
h3 b4 35. R3a2 Nxg3+ 36. fxg3 Qc7 0-1

[Event "Detroit (MOR/4/67)"]
[Site "?"]
[Date "1994.??.??"]
[Round "?"]
[White "Radway, J."]
[Black "Rodriguez, James"]
[Result "0-1"]
[WhiteElo "1605"]
[BlackElo "1605"]
[PlyCount "72"]
[EventDate "1994.??.??"]

{4/(67)} 1. e4 g6 2. g3 Bg7 3. Bg2 c6 4. c3 b5 5. b4 Bb7 6. Bb2 d5 7. d4 Nd7 8.
Nd2 a6 9. Ne2 e6 10. e5 f6 11. Nf3 fxe5 12. O-O exd4 13. Nexd4 Qe7 14. a4 O-O-O
15. axb5 cxb5 16. Qc1 e5 17. Nb3 e4 18. Nfd4 Ngf6 19. Qf4 h5 20. f3 Rdf8 21.
fxe4 Nxe4 22. Bxe4 Rxf4 23. Rxf4 dxe4 24. Kf2 Bh6 25. Ke3 Bxf4+ 26. Kxf4 Qe5+
27. Ke3 Qg5+ 28. Kf2 Rf8+ 29. Kg1 Qe3+ 30. Kg2 Qf2+ 31. Kh3 Qxb2 32. g4 Bd5 33.
gxh5 Qxc3+ 34. Kg4 Ne5+ 35. Kg5 Qe3+ 36. Kh4 g5# 0-1

[Event "Detroit (MOR/6/64)"]
[Site "?"]
[Date "1994.??.??"]
[Round "?"]
[White "Radway, J."]
[Black "Prince, S."]
[Result "0-1"]
[WhiteElo "1605"]
[BlackElo "1605"]
[PlyCount "70"]
[EventDate "1994.??.??"]

{6/(64)} 1. e4 c5 2. c3 d5 3. exd5 Qxd5 4. Qa4+ Bd7 5. Qh4 Nf6 6. Nf3 Qe6+ 7.
Be2 g6 8. Qc4 Qxc4 9. Bxc4 Bg7 10. Ng5 e6 11. h4 b5 12. Be2 Bc6 13. a4 bxa4 14.
Bf3 Bxf3 15. gxf3 O-O 16. Rxa4 Nbd7 17. O-O a5 18. d4 Nb6 19. Ra3 cxd4 20. cxd4
Nfd5 21. Bd2 Bxd4 22. Bc3 Bc5 23. Rb3 Nxc3 24. Rxc3 Na4 25. Rc4 Bb4 26. b3 Nb2
27. Rc7 h6 28. Ne4 f5 29. Ng3 Nd3 30. Kg2 Rac8 31. Rxc8 Rxc8 32. Rd1 Nf4+ 33.
Kf1 Kg7 34. Rd7+ Kf6 35. Rh7 Rc1# 0-1

[Event "Detroit (MOR/2/51)"]
[Site "?"]
[Date "1994.??.??"]
[Round "?"]
[White "Radway, J."]
[Black "Hayes, P."]
[Result "0-1"]
[WhiteElo "1605"]
[BlackElo "1605"]
[PlyCount "106"]
[EventDate "1994.??.??"]

{2/(51)} 1. d4 d5 2. Nf3 Nf6 3. g3 e6 4. Nc3 c5 5. a4 Nc6 6. Bg2 Be7 7. O-O O-O
8. Nb5 a6 9. Nc3 Re8 10. Bg5 cxd4 11. Nxd4 Bd7 12. e4 dxe4 13. Nxe4 Nxe4 14.
Bxe7 Nxe7 15. Bxe4 e5 16. Nf3 Bc6 17. Re1 Bxe4 18. Rxe4 Ng6 19. Qxd8 Raxd8 20.
Rae1 f5 21. R4e2 e4 22. Nd2 Ne5 23. Kg2 Rd4 24. Rh1 Red8 25. Rd1 Nf3 26. g4
Rxd2 27. Rf1 Rxe2 28. gxf5 Ne1+ 29. Kg3 Nxc2 30. h4 Re1 31. Rxe1 Nxe1 32. Kf4
Rd2 33. Kxe4 Rxb2 34. Ke5 Kf7 35. f3 Rb4 36. a5 Nd3+ 37. Kd6 Nf4 38. Ke5 Nd3+
39. Kd6 Rxh4 40. Kc7 Rb4 41. f6 Kxf6 42. Kd6 Rb5 43. Kc7 Ke7 44. Kc8 g5 45. Kc7
g4 46. Kc8 g3 47. Kb8 g2 48. Kc7 g1=Q 49. Kb8 b6 50. Ka8 Qb1 51. axb6 Rxb6 52.
Ka7 a5 53. Ka8 Ra6# 0-1

[Event "Detroit (MOR/3/33)"]
[Site "?"]
[Date "1994.??.??"]
[Round "?"]
[White "Quander, K."]
[Black "Scioly, Tony"]
[Result "1-0"]
[WhiteElo "1605"]
[BlackElo "1605"]
[PlyCount "39"]
[EventDate "1994.??.??"]

{3/(33)} 1. d4 Nf6 2. Nf3 g6 3. c4 Bg7 4. Nc3 O-O 5. e4 d6 6. Bg5 Nbd7 7. Be2
c5 8. O-O cxd4 9. Nxd4 Nc5 10. Bf3 Ne6 11. Be3 a6 12. Rc1 Bd7 13. Qd2 Rc8 14.
b3 Qa5 15. Rfd1 Nc5 16. h3 Rfd8 17. Qb2 Bc6 18. Nxc6 Rxc6 19. b4 Na4 20. Qa3
1-0

[Event "Detroit (MOR/1b/4)"]
[Site "?"]
[Date "1994.??.??"]
[Round "?"]
[White "Quander, K."]
[Black "Saulmon, Scott"]
[Result "0-1"]
[WhiteElo "1605"]
[BlackElo "1770"]
[PlyCount "72"]
[EventDate "1994.??.??"]

1. d4 Nf6 2. Nf3 g6 3. c4 Bg7 4. Nc3 O-O 5. Bg5 d6 6. e4 h6 7. Bh4 Nbd7 8. Be2
c5 9. O-O cxd4 10. Nxd4 Nc5 11. Bf3 a6 12. Rc1 e5 13. Nb3 g5 14. Bg3 Ne6 15.
Nd5 Nxd5 16. Qxd5 Nc7 17. Qd2 g4 18. Be2 h5 19. f3 h4 20. Be1 g3 21. h3 Ne6 22.
Qd1 Nf4 23. Bb4 Bxh3 24. gxh3 Nxh3+ 25. Kg2 Nf4+ 26. Kg1 Qd7 27. Rf2 Nh3+ 28.
Kf1 Nxf2 29. Qxd6 Qh3+ 30. Ke1 Qh1+ 31. Bf1 Rfd8 32. Qc5 Nd3+ 33. Ke2 Nxc5 34.
Bxc5 Qh2+ 35. Ke1 g2 36. Rc2 gxf1=Q+ 0-1

[Event "Detroit (MOR/7/23)"]
[Site "?"]
[Date "1994.??.??"]
[Round "?"]
[White "Quander, K."]
[Black "Griffin, John"]
[Result "1-0"]
[WhiteElo "1605"]
[BlackElo "1605"]
[PlyCount "57"]
[EventDate "1994.??.??"]

{7/(23)} 1. d4 Nf6 2. Nf3 e6 3. e3 d5 4. Bd3 c5 5. c3 b6 6. Nbd2 Be7 7. Ne5 Bb7
8. O-O O-O 9. Ndf3 Nbd7 10. Qe2 Nxe5 11. Nxe5 h6 12. Bd2 Nd7 13. f4 Nxe5 14.
fxe5 Qc7 15. Qh5 Bc6 16. Rf3 Be8 17. Rg3 f5 18. Qxh6 Bh4 19. Qxh4 Qf7 20. Rg5
g6 21. Rf1 Kg7 22. g4 Rh8 23. Qg3 Bd7 24. gxf5 exf5 25. Bxf5 Bxf5 26. Rfxf5 Qe8
27. Rf6 Rg8 28. Rgxg6+ Kh7 29. Qh4# 1-0

[Event "Detroit (MOR/5/17)"]
[Site "?"]
[Date "1994.??.??"]
[Round "?"]
[White "Quander, K."]
[Black "Falkowski, Kenneth"]
[Result "0-1"]
[WhiteElo "1605"]
[BlackElo "1700"]
[PlyCount "38"]
[EventDate "1994.??.??"]

{5/(17)} 1. d4 Nf6 2. Nf3 d6 3. c4 c6 4. Nc3 Bg4 5. e4 Nbd7 6. Be2 e5 7. Be3
Be7 8. O-O O-O 9. d5 c5 10. Nd2 Bxe2 11. Qxe2 a6 12. Kh1 Qc7 13. g4 Kh8 14. h4
Ng8 15. g5 Qd8 16. f4 f6 17. Qg4 exf4 18. Bxf4 fxg5 19. Rg1 Rxf4 0-1

[Event "Detroit (Class B/1/11)"]
[Site "?"]
[Date "1994.??.??"]
[Round "?"]
[White "Purkey, L."]
[Black "Moore, Robert"]
[Result "1-0"]
[WhiteElo "1625"]
[BlackElo "1720"]
[PlyCount "53"]
[EventDate "1994.??.??"]

{1/(11)} 1. e4 e5 2. Nf3 Nc6 3. Bb5 a6 4. Ba4 Nf6 5. O-O Be7 6. Re1 d6 7. Bxc6+
bxc6 8. d4 Bg4 9. dxe5 dxe5 10. Qxd8+ Rxd8 11. Nxe5 Rd1 12. Rxd1 Bxd1 13. f3
Bxc2 14. Nxc6 Bc5+ 15. Kh1 O-O 16. Nc3 Re8 17. Bf4 Bb6 18. Nb4 Bxe4 19. fxe4 a5
20. Nbd5 Ng4 21. Nxb6 cxb6 22. Kg1 h6 23. Rd1 Re6 24. h3 Nf6 25. e5 Nh5 26. Bh2
f6 27. g4 1-0

[Event "Detroit (Class B/4/11)"]
[Site "?"]
[Date "1994.??.??"]
[Round "?"]
[White "Purkey, L."]
[Black "Gregory, Kevin"]
[Result "0-1"]
[WhiteElo "1625"]
[BlackElo "1750"]
[PlyCount "72"]
[EventDate "1994.??.??"]

{4/(11)} 1. e4 c5 2. Nf3 Nc6 3. d4 cxd4 4. Nxd4 d6 5. Nc3 Nf6 6. Bc4 g6 7. f4
Bg7 8. Be3 a6 9. Nxc6 bxc6 10. h3 O-O 11. Bd4 c5 12. Bxf6 Bxf6 13. Qd2 Bh4+ 14.
Ke2 Rb8 15. b3 Bf6 16. Rhd1 Qa5 17. Nd5 Qxd2+ 18. Kxd2 Bxa1 19. Nxe7+ Kg7 20.
Rxa1 Bb7 21. Nd5 a5 22. Ke3 Rfe8 23. Kf3 f5 24. Bd3 fxe4+ 25. Bxe4 Rxe4 26.
Kxe4 Re8+ 27. Kd3 Bxd5 28. g3 Kf6 29. c4 Bg2 30. h4 Kf5 31. Rg1 Bc6 32. g4+
Kxf4 33. h5 g5 34. Rf1+ Bf3 35. a4 Kxg4 36. b4 Be2+ 0-1

[Event "Detroit (MEX/1/7)"]
[Site "?"]
[Date "1994.??.??"]
[Round "?"]
[White "Profit, Brian"]
[Black "Ward, Tom"]
[Result "1/2-1/2"]
[WhiteElo "2050"]
[BlackElo "2200"]
[PlyCount "103"]
[EventDate "1994.??.??"]

{1/(7)} 1. d4 Nf6 2. Bg5 Ne4 3. h4 c5 4. dxc5 Qa5+ 5. Nd2 Nxd2 6. Qxd2 Qxc5 7.
Nf3 e6 8. e4 Nc6 9. c3 a6 10. Bd3 d6 11. O-O h6 12. Be3 Qh5 13. Be2 Qg6 14. Nd4
Bd7 15. Bf3 Ne5 16. Bf4 Nxf3+ 17. Nxf3 e5 18. Bg3 Be7 19. Rfe1 Bc6 20. Qe3 O-O
21. Nd2 Qh5 22. Nc4 b5 23. Nb6 Rad8 24. Nd5 Bxd5 25. exd5 Bxh4 26. Bxh4 Qxh4
27. Qb6 Qc4 28. Qxa6 Qxd5 29. Rad1 Qc5 30. Qb7 Ra8 31. a3 Rfb8 32. Qd5 Qxd5 33.
Rxd5 Ra6 34. Re4 f5 35. Rb4 Rab6 36. f4 exf4 37. Rxf5 g5 38. g3 fxg3 39. Kg2
Kg7 40. Kxg3 Kg6 41. Rd5 Kf6 42. Kg4 Ke6 43. Rd2 d5 44. Re2+ Kd6 45. Rf2 Kc5
46. Rh2 Rf8 47. a4 Rf4+ 48. Rxf4 gxf4 49. axb5 Rf6 50. Rf2 Kxb5 51. Rxf4 Rc6
52. Rb4+ 1/2-1/2

[Event "Detroit (MI Op/2/2)"]
[Site "?"]
[Date "1994.??.??"]
[Round "?"]
[White "Profit, Brian"]
[Black "Stone, Ray"]
[Result "0-1"]
[WhiteElo "2070"]
[BlackElo "2430"]
[PlyCount "40"]
[EventDate "1994.??.??"]

{2/(2)} 1. d4 Nf6 2. c4 g6 3. Nc3 d5 4. Bf4 Bg7 5. e3 c5 6. dxc5 Qa5 7. Rc1
dxc4 8. Bxc4 O-O 9. Nf3 Qxc5 10. Bb3 Qa5 11. O-O Na6 12. Ne5 Nc5 13. Bxf7+ Rxf7
14. Nxf7 Kxf7 15. Nd5 Ne6 16. Nc7 Nxc7 17. Bxc7 Qd5 18. Qa4 Bd7 19. Qa3 Rc8 20.
Rfd1 Rxc7 0-1

[Event "Detroit (MI Op/4/29)"]
[Site "?"]
[Date "1994.??.??"]
[Round "?"]
[White "Profit, Brian"]
[Black "Poenisch, Volker"]
[Result "1/2-1/2"]
[WhiteElo "2070"]
[BlackElo "1885"]
[PlyCount "102"]
[EventDate "1994.??.??"]

{4/(29)} 1. d4 Nf6 2. c4 e6 3. Nc3 d5 4. cxd5 Nxd5 5. e4 Nxc3 6. bxc3 c5 7. Nf3
cxd4 8. cxd4 Bb4+ 9. Bd2 Bxd2+ 10. Qxd2 O-O 11. Bc4 Nc6 12. O-O Qd6 13. Rab1 b6
14. Rfd1 Bb7 15. e5 Qd8 16. Ng5 Na5 17. Bd3 h6 18. Nh7 Qd5 19. f4 Qxd4+ 20. Kh1
Rfd8 21. Nf6+ Kh8 22. Ng4 Qxd3 23. Qxd3 Rxd3 24. Rxd3 Be4 25. Rbd1 Bxd3 26.
Rxd3 Rc8 27. h3 Rc7 28. Rd8+ Kh7 29. Nf2 Nc4 30. Ne4 Ne3 31. Nd6 h5 32. Rf8 Kg6
33. Rg8 Rc1+ 34. Kh2 Rc2 35. Ne8 Rxg2+ 36. Kh1 Kh7 37. Rf8 Rxa2 38. Rxf7 Nf5
39. Nc7 Nd4 40. Kg1 Kg6 41. Rf8 Rc2 42. Nxe6 Nf5 43. Ra8 Rc6 44. Ng5 Rc7 45.
Kf2 Rb7 46. Rd8 Ne7 47. Kf3 Rc7 48. Re8 b5 49. h4 b4 50. Ke4 Rc4+ 51. Kd3 Rc3+
1/2-1/2

[Event "Detroit (MEX/2/7)"]
[Site "?"]
[Date "1994.??.??"]
[Round "?"]
[White "Profit, Brian"]
[Black "Fiszner, M."]
[Result "0-1"]
[WhiteElo "2050"]
[BlackElo "2160"]
[PlyCount "72"]
[EventDate "1994.??.??"]

{2/(7)} 1. d4 Nf6 2. c4 c5 3. d5 b5 4. cxb5 a6 5. Nc3 d6 6. e4 g6 7. f4 Bg7 8.
Nf3 O-O 9. bxa6 Qb6 10. Be2 Bxa6 11. h3 Nfd7 12. O-O Bxe2 13. Qxe2 Na6 14. e5
Nc7 15. Rb1 Rfb8 16. Kh1 Qb7 17. Qe4 Qb4 18. Re1 Qxe4 19. Rxe4 Rb4 20. a3 Rxe4
21. Nxe4 dxe5 22. d6 exd6 23. Nxd6 Ra6 24. fxe5 Nxe5 25. Nxe5 Rxd6 26. Bf4 Rd4
27. Bg3 Ne6 28. b4 Rd5 29. Nf3 cxb4 30. axb4 Rb5 31. Kg1 Bf8 32. Be1 Bc5+ 33.
Kf1 Nf4 34. Ne5 Nd5 35. Nc4 Bxb4 36. Na3 Rb6 0-1

[Event "Detroit (MCO/B/5/1)"]
[Site "?"]
[Date "1994.??.??"]
[Round "?"]
[White "Pritchett, P."]
[Black "Schey, Danny"]
[Result "1-0"]
[WhiteElo "1690"]
[BlackElo "1705"]
[PlyCount "114"]
[EventDate "1994.??.??"]

{5/(1)} 1. e4 e5 2. Nf3 Nc6 3. Bb5 a6 4. Ba4 Nf6 5. d3 b5 6. Bb3 h6 7. O-O Bc5
8. h3 d6 9. c3 Bb7 10. Re1 O-O 11. Be3 Bxe3 12. Rxe3 Na5 13. Bc2 c5 14. Nbd2
Qc7 15. Nh4 d5 16. Rg3 Bc8 17. Qf3 Qd6 18. exd5 Nxd5 19. Ne4 Qc6 20. d4 cxd4
21. Nf5 Bxf5 22. Qxf5 Qe6 23. Qf3 Rac8 24. b4 Nc4 25. cxd4 Nd2 26. Qd3 Nxe4 27.
Qxe4 Nf6 28. Qe2 exd4 29. Qxe6 fxe6 30. Bb3 Rfe8 31. Rd3 Rcd8 32. Rad1 Kf8 33.
Rxd4 Rxd4 34. Rxd4 Ke7 35. Rd3 e5 36. f3 Nh5 37. Rc3 Kf6 38. Rc6+ Kg5 39. Rxa6
Rc8 40. Re6 Kf4 41. Kf2 Rd8 42. Rg6 Rd2+ 43. Ke1 Ke3 44. Re6 Re2+ 45. Kd1 Kf2
46. Rb6 Nf4 47. Rxb5 Nxg2 48. Rc5 Ne3+ 49. Kc1 Re1+ 50. Kb2 Kxf3 51. b5 Re2+
52. Kc3 Nf5 53. b6 Nd6 54. Bd1 e4 55. Bxe2+ Kxe2 56. Kb3 e3 57. Rd5 Nb7 {
[Remainder illegible; 1-0, 64?]} 1-0

[Event "Detroit (MCO/B/3b/1)"]
[Site "?"]
[Date "1994.??.??"]
[Round "?"]
[White "Pritchett, P."]
[Black "Jordan, Willie"]
[Result "1-0"]
[WhiteElo "1690"]
[BlackElo "1700"]
[PlyCount "72"]
[EventDate "1994.??.??"]

1. e4 c6 2. f4 d5 3. e5 Bf5 4. d4 Nd7 5. Bd3 Bxd3 6. Qxd3 e6 7. Nf3 c5 8. c3
Qb6 9. O-O Ne7 10. Be3 Qxb2 11. Nbd2 c4 12. Nxc4 dxc4 13. Qxc4 Rc8 14. Qa4 Nc6
15. Rab1 Qxc3 16. Bd2 Qa3 17. Qc2 Nb6 18. Qe4 Be7 19. Kh1 Qxa2 20. f5 Qd5 21.
Qg4 g6 22. fxg6 hxg6 23. Bg5 Qd7 24. Rf2 Nd5 25. Nd2 Bxg5 26. Qxg5 Qe7 27. Qg3
Nxd4 28. Ne4 Nf5 29. Qf3 Nd4 30. Nd6+ Kd7 31. Qa3 Nf5 32. Rxb7+ Nc7 33. Qa4+
Kd8 34. Nxc8 Qh4 35. Rd2+ Kxc8 36. Rxc7+ Kxc7 1-0

[Event "Detroit (MCO/B/1b/3)"]
[Site "?"]
[Date "1994.??.??"]
[Round "?"]
[White "Pritchett, P."]
[Black "Dupree, J."]
[Result "1-0"]
[WhiteElo "1690"]
[BlackElo "1750"]
[PlyCount "49"]
[EventDate "1994.??.??"]

1. e4 c5 2. Nf3 d6 3. d4 cxd4 4. Nxd4 Nf6 5. Nc3 e6 6. Bc4 Be7 7. O-O O-O 8.
Bb3 a6 9. h3 b5 10. Re1 Bb7 11. a3 Nbd7 12. Bg5 Rc8 13. Bxe6 fxe6 14. Nxe6 Qe8
15. Nxf8 Qxf8 16. Qd2 Nc5 17. e5 dxe5 18. Rxe5 Bd6 19. Re2 Nce4 20. Nxe4 Nxe4
21. Qc1 Nxg5 22. Qxg5 Bf4 23. Qg4 Qd6 24. Rae1 Rd8 25. Re7 1-0

[Event "Detroit (MOR/1b/12)"]
[Site "?"]
[Date "1994.??.??"]
[Round "?"]
[White "Prince, S."]
[Black "Williams, Eddie"]
[Result "0-1"]
[WhiteElo "1605"]
[BlackElo "1660"]
[PlyCount "72"]
[EventDate "1994.??.??"]

1. d4 d5 2. c4 Nf6 3. Nc3 c6 4. Nf3 Bf5 5. Bg5 e6 6. e3 Be7 7. Be2 Nbd7 8. O-O
O-O 9. a3 a5 10. Rb1 Bxb1 11. Qxb1 Nh5 12. Bxe7 Qxe7 13. cxd5 exd5 14. Bd3 g6
15. Re1 Nhf6 16. e4 dxe4 17. Nxe4 Nxe4 18. Bxe4 Qd6 19. Nh4 Rfe8 20. Re3 Nf6
21. Bxg6 Rxe3 22. Bxh7+ Nxh7 23. Nf5 Qf6 24. fxe3 Re8 25. e4 Ng5 26. e5 Qg6 27.
Qf1 Ne4 28. Qf4 Ng5 29. Kh1 Ne6 30. Nh6+ Kh7 31. Qxf7+ Qxf7 32. Nxf7 Nxd4 33.
g4 Nf3 34. Nd6 Re7 35. Nf5 Rxe5 36. h4 Re2 0-1

[Event "Eastpointe (US Am N/2/37)"]
[Site "?"]
[Date "1994.??.??"]
[Round "?"]
[White "Prince, S."]
[Black "West, Tony"]
[Result "0-1"]
[WhiteElo "1605"]
[BlackElo "1605"]
[PlyCount "92"]
[EventDate "1994.??.??"]

{2/(37)} 1. d4 Nf6 2. c4 g6 3. Nc3 d5 4. Bg5 e6 5. e3 Bg7 6. Nf3 O-O 7. Be2
Nbd7 8. Ne5 Qe8 9. Nxd7 Qxd7 10. Qb3 dxc4 11. Qxc4 a6 12. Bf3 Rb8 13. Bf4 Ne8
14. O-O Nd6 15. Qb3 b5 16. Ne4 Nxe4 17. Bxe4 Bb7 18. d5 exd5 19. Rad1 Qe7 20.
Bxd5 Bxd5 21. Rxd5 Rbd8 22. Rfd1 Rfe8 23. Qd3 Rxd5 24. Qxd5 Bxb2 25. Qd7 Qxd7
26. Rxd7 c5 27. Ra7 Re6 28. Bh6 f5 29. Ra8+ Kf7 30. Rf8+ Ke7 31. h3 c4 32. g4
fxg4 33. hxg4 c3 34. Bg7 c2 35. Rc8 c1=Q+ 36. Rxc1 Bxc1 37. Bd4 a5 38. Kf1 Rc6
39. f4 Rc7 40. f5 gxf5 41. gxf5 h5 42. e4 h4 43. e5 h3 44. Kg1 h2+ 45. Kh1 Bf4
46. e6 Rc1+ 0-1

[Event "Eastpointe (EDO/2/26)"]
[Site "?"]
[Date "1994.??.??"]
[Round "?"]
[White "Prince, S."]
[Black "Walquist, Elaine"]
[Result "0-1"]
[WhiteElo "1605"]
[BlackElo "1605"]
[PlyCount "76"]
[EventDate "1994.??.??"]

{2/(26)} 1. d4 Nf6 2. c4 e6 3. Nc3 d5 4. Bg5 Be7 5. e3 h6 6. Bh4 O-O 7. Nf3 b6
8. Bd3 c5 9. O-O Nc6 10. a3 Re8 11. h3 dxc4 12. Bxc4 Nd5 13. Bg3 cxd4 14. Bxd5
exd5 15. Nxd4 Nxd4 16. Qxd4 Be6 17. b4 Rc8 18. Rac1 Rc4 19. Qd3 Qc8 20. Ne2 Bf6
21. Qd1 Rd8 22. Nd4 Bxd4 23. exd4 Qa6 24. Rxc4 dxc4 25. Qa1 Bf5 26. Rd1 Bd3 27.
Qc3 b5 28. f3 Qg6 29. Bf2 Rd5 30. Qe1 Rg5 31. g4 Rf5 32. Kg2 Rf6 33. Qe8+ Kh7
34. Qxb5 Be2 35. Re1 Bxf3+ 36. Kg3 Qc2 37. Re3 Bd1 38. Bg1 Rf1 0-1

[Event "Eastpointe (EDO/3/24)"]
[Site "?"]
[Date "1994.??.??"]
[Round "?"]
[White "Prince, S."]
[Black "Tripp, Steve"]
[Result "1-0"]
[WhiteElo "1605"]
[BlackElo "1605"]
[PlyCount "93"]
[EventDate "1994.??.??"]

{3/(24)} 1. d4 Nf6 2. c4 e6 3. Nc3 Bb4 4. Qc2 c5 5. dxc5 Bxc5 6. Nf3 b6 7. g3
Bb7 8. Bg2 O-O 9. O-O Na6 10. a3 h6 11. Bf4 Rc8 12. Nb5 Be4 13. Qa4 Nc7 14.
Bxc7 Rxc7 15. Nxc7 Qxc7 16. b4 Bc6 17. Qb3 Be7 18. a4 Rb8 19. b5 Be4 20. Qc3
Rc8 21. a5 Bc5 22. axb6 axb6 23. Ra6 d6 24. Rfa1 e5 25. Ra7 Qd8 26. R1a6 Ng4
27. e3 h5 28. Nd4 Bxg2 29. Kxg2 h4 30. Nc6 Qf6 31. Qd2 Re8 32. Ra8 Rxa8 33.
Rxa8+ Kh7 34. h3 e4 35. Qe2 Nh6 36. Nd8 Qe7 37. Qh5 hxg3 38. Kxg3 g6 39. Qd5
Nf5+ 40. Kh2 Qh4 41. Qxf7+ Kh6 42. Qf8+ Kg5 43. Ne6+ Kh5 44. Qh8+ Nh6 45. Ng7+
Kg5 46. f4+ exf3 47. Qd8# 1-0

[Event "Eastpointe (EDO/5/25)"]
[Site "?"]
[Date "1994.??.??"]
[Round "?"]
[White "Prince, S."]
[Black "Sturgis, Derreck"]
[Result "1-0"]
[WhiteElo "1605"]
[BlackElo "1605"]
[PlyCount "63"]
[EventDate "1994.??.??"]

{5/(25)} 1. d4 d5 2. c4 e6 3. Nc3 Nf6 4. Bg5 Bb4 5. e3 Nbd7 6. Nf3 h6 7. Bxf6
Nxf6 8. Be2 O-O 9. O-O Ne4 10. Nxe4 dxe4 11. Ne5 f6 12. Ng4 f5 13. Ne5 Kh7 14.
Bh5 Rf6 15. c5 c6 16. f3 Bd7 17. fxe4 fxe4 18. Rxf6 Qxf6 19. Nxd7 Qg5 20. Qe2
Rd8 21. Ne5 Bd2 22. Nf7 Qxe3+ 23. Kf1 Rxd4 24. Qxe3 Bxe3 25. Ke2 Bf4 26. g3 Bc7
27. Rd1 Rc4 28. Rd7 Ba5 29. Ne5 Rxc5 30. Bg6+ Kg8 31. Rxb7 Rxe5 32. Rb8+ 1-0

[Event "Detroit (MOR/5/66)"]
[Site "?"]
[Date "1994.??.??"]
[Round "?"]
[White "Prince, S."]
[Black "Rosebrook, G."]
[Result "0-1"]
[WhiteElo "1605"]
[BlackElo "1605"]
[PlyCount "56"]
[EventDate "1994.??.??"]

{5/(66)} 1. e4 c5 2. Nf3 e6 3. d4 Nf6 4. Nc3 cxd4 5. Nxd4 Bb4 6. Bd2 Bxc3 7.
Bxc3 Nxe4 8. Qe2 Nxc3 9. bxc3 O-O 10. Nb5 d5 11. Qe5 Nd7 12. Qg3 e5 13. Be2 Re8
14. O-O Nf6 15. Rfe1 Qe7 16. c4 Bf5 17. c3 Ne4 18. Qe3 a6 19. Na7 Qc5 20. Qxc5
Nxc5 21. Nb5 axb5 22. cxb5 b6 23. Rad1 Be6 24. Rd2 Ne4 25. Rd3 Rxa2 26. Re3 Bf5
27. Bd3 f6 28. f3 Nd6 0-1

[Event "Detroit (MOR/7/53)"]
[Site "?"]
[Date "1994.??.??"]
[Round "?"]
[White "Prince, S."]
[Black "Raupp, Sarah"]
[Result "1-0"]
[WhiteElo "1605"]
[BlackElo "1605"]
[PlyCount "35"]
[EventDate "1994.??.??"]

{7/(53)} 1. d4 f5 2. g4 fxg4 3. h3 gxh3 4. e4 Nf6 5. Nc3 e6 6. Bg5 Be7 7. Bxf6
Bxf6 8. e5 Bh4 9. Qg4 O-O 10. Nf3 Be7 11. Rxh3 g6 12. Bd3 Qe8 13. Ne4 d6 14.
Neg5 h5 15. Qg3 Nc6 16. Rxh5 gxh5 17. Nxe6+ Kf7 18. Qg6# 1-0

[Event "Detroit (Beg/5/5)"]
[Site "?"]
[Date "1994.??.??"]
[Round "?"]
[White "Prince, S."]
[Black "Rahimzadeh, R."]
[Result "1-0"]
[WhiteElo "1605"]
[BlackElo "1605"]
[PlyCount "63"]
[EventDate "1994.??.??"]

{5/(5)} 1. e4 e5 2. Nf3 Nc6 3. d4 d6 4. Bb5 Bd7 5. Bxc6 Bxc6 6. d5 Bb5 7. Nc3
Ba6 8. b4 c6 9. a4 Bc4 10. Nd2 Ba6 11. b5 cxb5 12. axb5 Qg5 13. O-O Nf6 14.
bxa6 bxa6 15. Nc4 Qh4 16. Rxa6 g6 17. Nb5 Bh6 18. Nc7+ Ke7 19. Nxa8 Rxa8 20.
Bxh6 Qxh6 21. f3 Kf8 22. Qc1 g5 23. Qe3 Kg8 24. Nxd6 Rf8 25. Nf5 Qg6 26. Ne7+
Kg7 27. Nxg6 Kxg6 28. g4 h6 29. Qc3 Re8 30. Qc6 Kh7 31. Qxf6 Rg8 32. Qxh6# 1-0

[Event "Detroit (Beg/2/6)"]
[Site "?"]
[Date "1994.??.??"]
[Round "?"]
[White "Prince, S."]
[Black "Rahimzadeh, G."]
[Result "0-1"]
[WhiteElo "1605"]
[BlackElo "1605"]
[PlyCount "46"]
[EventDate "1994.??.??"]

{2/(6)} 1. e4 Nc6 2. Nf3 e5 3. Nc3 Nf6 4. d4 exd4 5. Qxd4 Nxd4 6. Nxd4 Bb4 7.
Bd3 d6 8. O-O O-O 9. Nd5 Nxd5 10. exd5 Qf6 11. c3 Bc5 12. Be3 a6 13. b4 Bb6 14.
Rfe1 Bd7 15. Re2 Rfe8 16. Rae1 g6 17. b5 a5 18. h3 Re5 19. Bh6 Bxd4 20. cxd4
Rxd5 21. g4 Qxd4 22. Be4 Bxb5 23. Be3 Qxe4 0-1

[Event "Detroit (MCO/DEU/7/13)"]
[Site "?"]
[Date "1994.??.??"]
[Round "?"]
[White "Prince, S."]
[Black "Melton, J."]
[Result "1/2-1/2"]
[WhiteElo "1605"]
[BlackElo "1605"]
[PlyCount "105"]
[EventDate "1994.??.??"]

{7/(13)} 1. e4 e5 2. Nf3 Nc6 3. Bb5 a6 4. Ba4 Nf6 5. O-O Be7 6. Re1 O-O 7. c3
d5 8. d3 Bg4 9. Be3 d4 10. Bxc6 bxc6 11. Bg5 h6 12. Bh4 Nh7 13. Bxe7 Qxe7 14.
cxd4 exd4 15. Nbd2 Ng5 16. Rc1 Qd7 17. h4 Bxf3 18. Nxf3 Nxf3+ 19. Qxf3 Rfe8 20.
e5 Re6 21. Qe4 Rae8 22. f4 f6 23. Rc5 Kf7 24. Rec1 fxe5 25. Rxe5 Rxe5 26. fxe5
Re6 27. Rc4 Qe7 28. Qxd4 Rxe5 29. Qf4+ Kg8 30. Rxc6 Re1+ 31. Kh2 Qe5 32. Qxe5
Rxe5 33. Rxc7 Rd5 34. Rc3 Rd4 35. g3 Kf7 36. Kg2 a5 37. Kf3 Kf6 38. Ke3 Rg4 39.
Kf3 Rd4 40. a3 Ke5 41. b4 axb4 42. axb4 Rxb4 43. Ke3 Kd5 44. Rc4 Rxc4 45. dxc4+
Kxc4 46. Ke4 Kc5 47. Kf5 Kd4 48. g4 Kd5 49. g5 Kd6 50. gxh6 gxh6 51. Kf6 Kd7
52. h5 Ke8 53. Kg6 1/2-1/2